Normal view
MARC view
- Gómez Martínez, Vicente
Entry Nombre Personal
001 - NUMERO DE CONTROL
- campo de control: 49269
003 - IDENTIFICADOR DE NUMERO DE CONTROL
- campo de control: MX-MxUPN
005 - FECHA Y HORA DE LA ÜLTIMA TRANSACCIÓN
- campo de control: 20230612113553.0
008 - DATOS DE LONGITUD FIJA
- campo de control de longitud fija: 230612nn acnnnaabn a aaa d
040 ## - FUENTE DE CATALOGACIÓN
- Agencia original de catalogación: MX-MxUPN
- Lenguaje de catalogación: spa
100 1# - ENCABEZAMIENTO - NOMBRE PERSONAL
- Nombre personal: Gómez Martínez, Vicente
400 1# - VEÁSE - NOMBRE DE PERSONA
- Personal name: Martínez, Vicente Gómez
670 ## - FUENTE EN LA QUE SE LOCALIZARON DATOS
- Cita de la fuente: Las cifras conjuntos, 1981 :
- Información localizada: portada (Vicente Gómez Martínez)
902 ## - CATALOGADOR
- Catalogador: VíctorGodínez/120623
